ពាក្យអង់គ្លេសដំបូងរបស់ខ្ញុំ : (Record no. 8321)

MARC details
000 -LEADER
fixed length control field 02041nam a22002657a 4500
001 - CONTROL NUMBER
control field 8321
003 - CONTROL NUMBER IDENTIFIER
control field FISKH
005 - DATE AND TIME OF LATEST TRANSACTION
control field 20250909094222.0
008 - FIXED-LENGTH DATA ELEMENTS--GENERAL INFORMATION
fixed length control field 250909b cb ||||| |||| 00| 0 eng d
020 ## - INTERNATIONAL STANDARD BOOK NUMBER
International Standard Book Number 9789996347467
040 ## - CATALOGING SOURCE
Original cataloging agency FISKH
Language of cataloging khr
Transcribing agency FISKH
Modifying agency FISKH
050 ## - LIBRARY OF CONGRESS CALL NUMBER
Classification number PZ7
082 ## - DEWEY DECIMAL CLASSIFICATION NUMBER
Classification number 495.916
100 ## - MAIN ENTRY--PERSONAL NAME
Personal name Anonymous
245 ## - TITLE STATEMENT
Title ពាក្យអង់គ្លេសដំបូងរបស់ខ្ញុំ :
Statement of responsibility, etc. Animals words /
260 ## - PUBLICATION, DISTRIBUTION, ETC.
Place of publication, distribution, etc. Phnom Penh :
Name of publisher, distributor, etc. Mind Books,
Date of publication, distribution, etc. 2020.
300 ## - PHYSICAL DESCRIPTION
Extent 18 pages :
Other physical details color illustrations ;
Dimensions 20 cm
505 ## - FORMATTED CONTENTS NOTE
Formatted contents note NP
520 ## - SUMMARY, ETC.
Summary, etc. សៀវភៅខ្មែរ–អង់គ្លេសនេះបានរៀបចំសម្រាប់កុមារកំពុងចាប់ផ្តើមរៀនភាសាថ្មី។ វាបង្ហាញពី ពាក្យមូលដ្ឋាន លេខ ពណ៌ សត្វ និងវត្ថុប្រចាំថ្ងៃ ជាទាំងខ្មែរ និងអង់គ្លេស ជាមួយ រូបភាព ដើម្បីឲ្យកុមាររៀនបានងាយស្រួល និងរីករាយ។ សៀវភៅនេះក៏បង្រៀន វាក្យបញ្ជា និងស្វាគមន៍តូចៗ ជួយកុមារកែលម្អជំនាញ អាន និយាយ និងទទួលស្គាល់ពាក្យ ចាប់ផ្តើមពីដើម។
520 ## - SUMMARY, ETC.
Summary, etc. This bilingual Khmer–English book is designed for young children who are beginning to learn a new language. It introduces basic vocabulary, numbers, colors, animals, and everyday objects in both Khmer and English, often accompanied by illustrations to make learning engaging and easy to understand. The book also teaches simple phrases and greetings, helping children develop early reading, speaking, and recognition skills in both languages.
650 ## - SUBJECT ADDED ENTRY--TOPICAL TERM
Topical term or geographic name entry element ពាក្យ
650 ## - SUBJECT ADDED ENTRY--TOPICAL TERM
Topical term or geographic name entry element Learning
942 ## - ADDED ENTRY ELEMENTS (KOHA)
Source of classification or shelving scheme Dewey Decimal Classification
Koha item type Khmer Books
Suppress in OPAC No
Holdings
Withdrawn status Lost status Source of classification or shelving scheme Damaged status Not for loan Collection Home library Current library Shelving location Date acquired Total Checkouts Full call number Barcode Date last seen Copy number Price effective from Koha item type
    Dewey Decimal Classification     Khmer-English Bilingual / ភាសាខ្មែរ-អង់គ្លេស Footprints International School Library Network Toul Kork Campus Footprints International School Library Network Toul Kork Campus TK Old Khmer Books (Rear Hallway Shelf 3) 09/09/2025   ANO 495.916 PZ7 2025-4395 09/09/2025 1 09/09/2025 Khmer Books